| 000 | 01086nam a2200325Ia 4500 | ||
|---|---|---|---|
| 003 | OSt | ||
| 005 | 20221006160228.0 | ||
| 006 | a|||||r|||| 00| 0 | ||
| 007 | ta | ||
| 008 | 221006b |||||||| |||| 00| 0 eng d | ||
| 020 |
_a9780765606976 _c2,407.00 |
||
| 024 | _a44,677 | ||
| 037 |
_bGift, Window on Korea _cTextual |
||
| 040 |
_aEASL _cEASL _beng |
||
| 041 |
_2eng _aeng |
||
| 082 | _aV495:19(zM).N53, P0 | ||
| 100 |
_aWest Philip Ed. _9672530 |
||
| 245 | 0 |
_aRemembering the Forgotten War _b The Korean war through literature and art |
|
| 260 |
_aNew York _bM.E.Sharpe _c2000 |
||
| 300 |
_a256p. _ccm. |
||
| 490 | _v KEL | ||
| 650 |
_a Arts Korean-th century _9672531 |
||
| 650 |
_a Korean literature-th century -history and criticism _9672532 |
||
| 650 |
_a Korean war- Art and the war _9672533 |
||
| 650 |
_a Korean war- Literature and the war _9672534 |
||
| 650 | _aKEL | ||
| 700 |
_a Suh Ji-moon Ed. _9671733 |
||
| 942 |
_hV495:19(zM).N53, P0 _cTEXL _2CC |
||
| 999 |
_c1112769 _d1112769 |
||